Normal view
MARC view
Entry Personal Name
001 - CONTROL NUMBER
- control field: 12888
003 - CONTROL NUMBER IDENTIFIER
- control field: HDC
005 - DATE AND TIME OF LATEST TRANSACTION
- control field: 20230624073407.0
008 - FIXED-LENGTH DATA ELEMENTS
- fixed length control field: 210209|| aca||aabn | a|a d
040 ## - CATALOGING SOURCE
- Original cataloging agency: HDC
- Transcribing agency: HDC
100 ## - HEADING--PERSONAL NAME
- Personal name: Ghizan Saleh
670 ## - SOURCE DATA FOUND
- Source citation: Work cat.: (HDC): Ghizan Saleh, author, Characterisation of selected tropical maize inbred lines developed in Malaysia /, 2003
